| 000 | 00988nac a22002651u 4500 | ||
|---|---|---|---|
| 010 | _a 86025375 | ||
| 020 | _a0135358817 | ||
| 082 | 0 | 0 |
_a368.32 _bBLA |
| 090 |
_c6868 _d6868 |
||
| 100 | _aBlack, Kenneth. | ||
| 245 | 1 | 0 |
_aLife insurance / _cKenneth Black, Harold D. Skipper. |
| 250 |
_a11th ed. / _bKenneth Black, Jr., Harold D. Skipper, Jr. |
||
| 260 |
_aEnglewood Cliffs, N.J. : _bPrentice-Hall, _cc1987. |
||
| 300 |
_axiii, 608 p. : _bill. ; _c25 cm. |
||
| 440 | 4 | _aThe Prentice-Hall series in security and insurance | |
| 500 | _aRev. ed. of: Life insurance / S.S. Huebner, Kenneth Black, Jr. 10th ed. c1982. | ||
| 500 | _aDistributer: Al-Ahram. | ||
| 504 | _aIncludes bibliographies and index. | ||
| 511 | _aCatalogued By: Mahitab. | ||
| 650 | 0 | _aInsurance, Life. | |
| 650 | 0 | _aInsurance, Health. | |
| 700 | 1 |
_aSkipper, Harold D., _d1947- |
|
| 700 | 1 |
_aHuebner, S. S. _q(Solomon Stephen), _d1882-1964. |
|
| 942 |
_cBB _k368.32BLA |
||
| 999 |
_c6868 _d6868 |
||